Σλαβική προπαγάνδα και επαναστατική δράση στη Μακεδονία
Saved in:
| Main Author: | |
|---|---|
| Format: | Book |
| Language: | Greek |
| Published: |
Αθήνα :
Μαρία Κ. Μπράμου,
1992
|
| Subjects: | |
| Tags: |
Add Tag
No Tags, Be the first to tag this record!
|
MARC
| LEADER | 00000cam a2200000 i 4500 | ||
|---|---|---|---|
| 001 | 1/98178 | ||
| 008 | 950307s1992 gre d | ||
| 035 | |l 10010839 | ||
| 040 | |a GR-MY-UA |b gre |e aacr | ||
| 041 | 0 | |a gre | |
| 082 | 0 | |a 938.94 | |
| 100 | 1 | |a Μπράμος, Κώστας Α., |d 1913-1982. | |
| 245 | 1 | 0 | |a Σλαβική προπαγάνδα και επαναστατική δράση στη Μακεδονία / |c Κώστας Α. Μπράμος |
| 260 | |a Αθήνα : |b Μαρία Κ. Μπράμου, |c 1992 | ||
| 300 | |a 264 σ. | ||
| 504 | |a Βιβλιογραφία:σ. 9-11 | ||
| 650 | 0 | 0 | |a Macedonian question. |
| 650 | 0 | 0 | |a Propaganda, Communist. |
| 651 | 0 | |a Macedonia (Greece) |x History |y 20th centuryBalkan Peninsula. | |
| 852 | |a INST |b LESVOS |e 19950307 |h 938.94 ΜΠΡ |p 005100002567 |q 005100002567 |t BK |y 0 | ||
| 909 | |a Λ |b 039697 | ||
| 970 | |z 2000/06/ΟΙΚΟΝΟΜΟΠΟΥΛΟΥ ΧΡΙΣΤΙΝΑ | ||